000 00746nam a22002177a 4500
003 OSt
005 20251117110119.0
008 251117b |||||||| |||| 00| 0 eng d
020 _a13 : 978-1-890627-10-2.
040 _aDWCL-Main lib
_cOC
082 _aCirc. 646.78 M367m 2007
100 _aMarshak, Laura E.
245 _aMarried with special-needs children :
_ba couples' guide to keeping connected
_cMarshak, Laura E.
260 _aUSA :
_bWoodbine House Inc.,
_cc2007.
300 _axxii, 296 pages :
_billustration :
_c23 cm.
504 _aIncludes bibliographical references & index.
650 _21. Marital Conflict.
650 _22. Marriage.
650 _23. Parents of children with disabilities.
942 _2ddc
_cBK-CIRC
_kCirc.
_n0
999 _c5712
_d5712